00609nam a2200169Ia 4500008004100000041000800041082002300049100002600072245003300098260003300131300000800164365001600172700002600188906005100214999001900265952015500284230718s9999 xx 000 0 und d aeng a338.7'6292952bCHA aChambers K.D.9172193 aHow Toyota Changed The World c2009bJaico Publishing House a132 cRs.b295.00 aChambers K.D.9172193 dO:0053510-Feb-2010B:183906-Oct-2009cGENRLb59 c323780d323780 00104070aCCEPbCCEPd2010-02-11eTbsfGENRLg236.00i1839l0o338.7'6292952pCCEP-BK-34987r2023-07-18 00:00:00t59v295.00w2009-10-06yBKz034987